000 00763nam a2200181 a 4500
001 000047874
005 20250220104609.0
008 181001s2014 dr r 000 0 spa d
040 _aDO-SdBNP
_bspa
_cBNPHU
082 _axxxx
_bR426in
110 1 _aRepública Dominicana.
_bMinisterio de Defensa.
_975436
245 1 0 _aInvestigaciones militares :
_bcompendio de monografías de la especialidad de Comando y Estado Mayor Naval, promociones 2013-2015.
260 _aSanto Domingo :
_bINSUDE,
_c2014.
300 _av. ;
_c23 cm.
500 _aEscuela de graduados de Comando y Estado Mayor conjunto ¨General de División Gregorio Luperón¨
590 _aInventariado, 2018/BT
710 2 _aInstituto Superior para la Defensa General Juan Pablo Duarte y Díez
_975437
999 _c47362
_d47362